[Event "Hum na Sutli op 16th"]
[Site "Hum na Sutli"]
[Date "2024.08.20"]
[Round "5"]
[White "Prskalo, Zoran"]
[Black "Stubljar, Andrej"]
[Result "1/2-1/2"]
[WhiteElo "1930"]
[BlackElo "2032"]
[PlyCount "37"]
[EventDate "2024.08.17"]
[EventType "swiss"]
[EventRounds "9"]
[EventCountry "CRO"]
[SourceTitle "EXT 2025"]
[Source "ChessBase"]
[SourceDate "2024.10.14"]
[SourceVersion "1"]
[SourceVersionDate "2024.10.14"]
[SourceQuality "1"]

1. e4 Nf6 2. e5 Nd5 3. d4 d6 4. Nf3 Bg4 5. Be2 e6 6. c4 Nb6 7. Be3 N8d7 8. exd6 cxd6 9. Nbd2 Be7 10. Rc1 0-0 11. Ng1 Bxe2 12. Nxe2 e5 13. 0-0 f5 14. f3 Qe8 15. b4 Kh8 16. Nc3 exd4 17. Bxd4 Bg5 18. f4 Bf6 19. Bf2 1/2-1/2

[Event "SLO-chT3 West"]
[Site "Kocevje"]
[Date "2009.11.14"]
[Round "2"]
[White "Kobold, Andrej"]
[Black "Stubljar, Andrej"]
[Result "1-0"]
[WhiteElo "1690"]
[BlackElo "2027"]
[PlyCount "87"]
[EventDate "2009.11.13"]
[EventType "swiss"]
[EventRounds "5"]
[EventCountry "SLO"]
[SourceTitle "EXT 2022"]
[Source "ChessBase"]
[SourceDate "2021.10.06"]
[SourceVersion "1"]
[SourceVersionDate "2021.10.06"]
[SourceQuality "1"]

1. b3 d5 2. Bb2 e6 3. e3 Nf6 4. c4 Nbd7 5. Nf3 Bd6 6. Be2 0-0 7. 0-0 Re8 8. d4 Ne4 9. Nc3 f5 10. cxd5 Nxc3 11. Bxc3 exd5 12. Bd3 Nf6 13. Ne5 Bxe5 14. dxe5 Ng4 15. Qc2 Qh4 16. h3 Nxe5 17. Bxf5 Nf3+ 18. gxf3 Re6 19. Kh2 Rg6 20. Bxc8 Rxc8 21. Rg1 d4 22. Bxd4 Rf8 23. Qc4+ Rf7 24. Rxg6 hxg6 25. Qe2 Rf5 26. Rg1 c5 27. Rg4 Qe7 28. Bc3 Qf7 29. Qc4 Rxf3 30. Qxf7+ Rxf7 31. Kg3 Kh7 32. Rc4 b6 33. Be5 Kh6 34. Rh4+ Kg5 35. Rf4 Rd7 36. Bb8 b5 37. Rf8 Kh5 38. h4 g5 39. Rf5 Kh6 40. hxg5+ Kh5 41. Rxc5 g6 42. Rxb5 a5 43. Rxa5 Rd4 44. Ra7 1-0

[Event "SLO-chT2 West"]
[Site "Kranj"]
[Date "2008.10.11"]
[Round "2.5"]
[White "Stubljar, Andrej"]
[Black "Cibej, Marjan"]
[Result "0-1"]
[WhiteElo "2037"]
[BlackElo "1877"]
[PlyCount "78"]
[EventDate "2008.10.11"]
[EventType "team-swiss"]
[EventRounds "9"]
[EventCountry "SLO"]
[SourceTitle "EXT 2010"]
[Source "ChessBase"]
[SourceDate "2010.11.25"]
[SourceVersion "1"]
[SourceVersionDate "2010.11.25"]
[SourceQuality "1"]
[WhiteTeam "Stari Trg ob Kolpi"]
[BlackTeam "Koper"]
[WhiteTeamCountry "SLO"]
[BlackTeamCountry "SLO"]

1. d4 d5 2. Nf3 Bf5 3. e3 e6 4. c4 c6 5. Nc3 Nf6 6. Bd3 Bg6 7. 0-0 Nbd7 8. b3 Bd6 9. Bb2 0-0 10. Bxg6 hxg6 11. Qc2 Rc8 12. Rfd1 Qe7 13. Rac1 b5 14. Ne2 Bc7 15. Qd3 bxc4 16. bxc4 Rfe8 17. Rc2 Nb6 18. Nd2 e5 19. dxe5 Bxe5 20. Bxe5 Qxe5 21. Nf3 Qe7 22. cxd5 cxd5 23. Rdc1 Rc4 24. Ned4 Rec8 25. Nd2 Rxc2 26. Rxc2 Rxc2 27. Qxc2 Qb4 28. Nc6 Qb5 29. h3 Qe2 30. Ne7+ Kf8 31. Nc8 Nc4 32. Nxa7 Ne4 33. Qb3 Qxf2+ 34. Kh1 Qe1+ 35. Nf1 Qxf1+ 36. Kh2 Kg8 37. Nc6 Ncd2 38. Qb8+ Kh7 39. Nd4 Qe1 0-1

[Event "Ptuj op"]
[Site "Ptuj"]
[Date "2008.08.15"]
[Round "8"]
[White "Stubljar, Andrej"]
[Black "Hiti, Domen"]
[Result "1/2-1/2"]
[WhiteElo "2044"]
[BlackElo "1804"]
[PlyCount "48"]
[EventDate "2008.08.09"]
[EventType "swiss"]
[EventRounds "9"]
[EventCountry "SLO"]
[SourceTitle "CBM 125 Extra"]
[Source "ChessBase"]
[SourceDate "2008.09.01"]
[SourceVersion "1"]
[SourceVersionDate "2008.09.01"]
[SourceQuality "1"]

1. d4 Nf6 2. Nf3 g6 3. e3 Bg7 4. b4 d5 5. a4 Bf5 6. Bd3 Ne4 7. 0-0 Nd7 8. Bxe4 dxe4 9. Nfd2 e5 10. d5 Qg5 11. Nxe4 Bxe4 12. f3 Bxd5 13. Qxd5 c6 14. Qb3 e4 15. f4 Qd5 16. c4 Qe6 17. Bb2 Bxb2 18. Qxb2 0-0 19. c5 Rfd8 20. Nc3 Nf6 21. Rad1 Nd5 22. Nxd5 Rxd5 23. Rd4 Rad8 24. Rfd1 f5 1/2-1/2

[Event "Ptuj op"]
[Site "Ptuj"]
[Date "2008.08.14"]
[Round "7"]
[White "Crepan, Marjan"]
[Black "Stubljar, Andrej"]
[Result "1-0"]
[WhiteElo "2363"]
[BlackElo "2044"]
[PlyCount "63"]
[EventDate "2008.08.09"]
[EventType "swiss"]
[EventRounds "9"]
[EventCountry "SLO"]
[SourceTitle "CBM 125 Extra"]
[Source "ChessBase"]
[SourceDate "2008.09.01"]
[SourceVersion "1"]
[SourceVersionDate "2008.09.01"]
[SourceQuality "1"]

1. e4 c5 2. Nf3 e6 3. d4 cxd4 4. Nxd4 a6 5. Be2 Qc7 6. f4 Bc5 7. Nc3 b5 8. Nb3 Ba7 9. e5 f5 10. Bf3 Nc6 11. Qe2 b4 12. Na4 Rb8 13. Be3 Bxe3 14. Qxe3 Nge7 15. Rd1 0-0 16. 0-0 g5 17. g3 gxf4 18. gxf4 Rf7 19. Nac5 Rg7+ 20. Kh1 Ng6 21. Rg1 Na5 22. Nxa5 Qxa5 23. Rd6 Rb5 24. Nb3 Qc7 25. Rg2 a5 26. Rdd2 a4 27. Nc1 Rc5 28. Nd3 Rb5 29. Rg3 Bb7 30. Rdg2 Bxf3 31. Qxf3 Qa7 32. h4 1-0

[Event "Rijeka op"]
[Site "Rijeka"]
[Date "2007.11.28"]
[Round "5"]
[White "Stubljar, Andrej"]
[Black "Zelic, Mladen"]
[Result "0-1"]
[WhiteElo "2040"]
[BlackElo "2286"]
[PlyCount "68"]
[EventDate "2007.11.25"]
[EventType "swiss"]
[EventRounds "9"]
[EventCountry "CRO"]
[SourceTitle "CBM 121 Extra"]
[Source "ChessBase"]
[SourceDate "2008.01.10"]
[SourceVersion "1"]
[SourceVersionDate "2008.01.10"]
[SourceQuality "1"]

1. Nf3 Nf6 2. e3 g6 3. d4 c5 4. b3 Bg7 5. Ba3 Ne4 6. c3 cxd4 7. exd4 Nc6 8. Bd3 d5 9. 0-0 0-0 10. Qe2 Nd6 11. Nbd2 Bf5 12. Rfe1 Bxd3 13. Qxd3 Rc8 14. Ne5 Re8 15. Qh3 e6 16. f4 Nb5 17. Bb2 Qf6 18. Ndf3 Nxe5 19. Nxe5 Qf5 20. Qe3 h5 21. h3 h4 22. Re2 Nd6 23. Nf3 Qh5 24. Qf2 Ne4 25. Qe1 Bh6 26. Nd2 Bxf4 27. Nxe4 dxe4 28. Rxe4 Bg3 29. Qe3 e5 30. dxe5 Rxe5 31. Rf1 Rce8 32. Rxe5 Rxe5 33. Qxa7 Qe2 34. Qb8+ Re8 0-1

[Event "Rijeka op"]
[Site "Rijeka"]
[Date "2007.11.27"]
[Round "4"]
[White "Coimbra, Margarida Goncalves"]
[Black "Stubljar, Andrej"]
[Result "1-0"]
[WhiteElo "2124"]
[BlackElo "2040"]
[PlyCount "67"]
[EventDate "2007.11.25"]
[EventType "swiss"]
[EventRounds "9"]
[EventCountry "CRO"]
[SourceTitle "CBM 121 Extra"]
[Source "ChessBase"]
[SourceDate "2008.01.10"]
[SourceVersion "1"]
[SourceVersionDate "2008.01.10"]
[SourceQuality "1"]

1. e4 e5 2. Nf3 Nf6 3. Nxe5 d6 4. Nf3 Nxe4 5. Nc3 Nf6 6. d4 Be7 7. Bd3 0-0 8. h3 Re8 9. 0-0 Nbd7 10. Bf4 Nf8 11. Re1 a6 12. a4 d5 13. a5 Be6 14. Na4 Ng6 15. Bh2 Nd7 16. c3 Bd6 17. Bxd6 cxd6 18. b4 Nf4 19. Bc2 Qf6 20. Re3 Re7 21. Ne1 Rae8 22. Nd3 Nf8 23. Nxf4 Qxf4 24. Qd3 Bd7 25. Rae1 Rxe3 26. Rxe3 Rxe3 27. Qxe3 Qxe3 28. fxe3 Bxa4 29. Bxa4 Ng6 30. Bd7 Ne7 31. Kf2 Kf8 32. Kf3 Nc6 33. Bc8 Nd8 34. b5 1-0

[Event "Rijeka op"]
[Site "Rijeka"]
[Date "2007.11.26"]
[Round "2"]
[White "Sutkovic, Damir"]
[Black "Stubljar, Andrej"]
[Result "0-1"]
[WhiteElo "2318"]
[BlackElo "2040"]
[PlyCount "32"]
[EventDate "2007.11.25"]
[EventType "swiss"]
[EventRounds "9"]
[EventCountry "CRO"]
[SourceTitle "CBM 121 Extra"]
[Source "ChessBase"]
[SourceDate "2008.01.10"]
[SourceVersion "1"]
[SourceVersionDate "2008.01.10"]
[SourceQuality "1"]

1. d4 d5 2. c4 dxc4 3. Nf3 Nf6 4. e3 a6 5. a4 Bg4 6. Bxc4 e6 7. Nc3 Nc6 8. 0-0 Bd6 9. h3 Bh5 10. Be2 0-0 11. e4 Bxf3 12. Bxf3 Nxd4 13. e5 Nxf3+ 14. Qxf3 Bxe5 15. Qxb7 Qd3 16. Qc6 Bh2+ 0-1

[Event "Ptuj op"]
[Site "Ptuj"]
[Date "2007.08.13"]
[Round "3"]
[White "Jelen, Igor"]
[Black "Stubljar, Andrej"]
[Result "1-0"]
[WhiteElo "2371"]
[BlackElo "2042"]
[PlyCount "91"]
[EventDate "2007.08.12"]
[EventType "swiss"]
[EventRounds "9"]
[EventCountry "SLO"]
[SourceTitle "CBM 119 Extra"]
[Source "ChessBase"]
[SourceDate "2007.09.04"]
[SourceVersion "1"]
[SourceVersionDate "2007.09.04"]
[SourceQuality "1"]

1. d4 Nf6 2. c4 e6 3. Nc3 Bb4 4. Qc2 c5 5. dxc5 Nc6 6. Nf3 Bxc5 7. Bg5 Qa5 8. Bxf6 gxf6 9. a3 Nd4 10. Nxd4 Bxd4 11. Rc1 Bxc3+ 12. Qxc3 Qxc3+ 13. Rxc3 d6 14. e4 Bd7 15. Be2 Ke7 16. f3 b6 17. Kf2 e5 18. b4 Rac8 19. Rhc1 Rc7 20. c5 dxc5 21. bxc5 Rxc5 22. Rxc5 bxc5 23. Rxc5 Rc8 24. Ra5 Rc7 25. f4 Bc6 26. Ke3 Kd6 27. g3 Re7 28. Bd3 Rb7 29. Bc4 Rc7 30. Ba2 Rb7 31. h4 exf4+ 32. Kxf4 Re7 33. Bb1 Rb7 34. Bd3 Re7 35. Rh5 Re5 36. Rxe5 fxe5+ 37. Kf5 Ba4 38. Kf6 Bb3 39. g4 Bd1 40. g5 Bh5 41. Bc4 Bg6 42. Bd5 a5 43. a4 Bh5 44. Bxf7 Bf3 45. h5 Bxe4 46. h6 1-0

[Event "Ljubljana op 16th"]
[Site "Ljubljana"]
[Date "2005.07.13"]
[Round "7"]
[White "Crepan, Marjan"]
[Black "Stubljar, Andrej"]
[Result "1-0"]
[WhiteElo "2288"]
[BlackElo "2067"]
[PlyCount "55"]
[EventDate "2005.07.09"]
[EventType "swiss"]
[EventRounds "9"]
[EventCountry "SLO"]
[SourceTitle "CBM 107 Extra"]
[Source "ChessBase"]
[SourceDate "2005.09.01"]
[SourceVersion "1"]
[SourceVersionDate "2005.09.01"]
[SourceQuality "1"]

1. e4 e5 2. Nf3 Nf6 3. Nc3 Bb4 4. Bc4 0-0 5. 0-0 d6 6. d3 Bxc3 7. bxc3 h6 8. Rb1 c6 9. Re1 b5 10. Bb3 Nbd7 11. d4 Qc7 12. Nh4 c5 13. dxe5 Nxe5 14. f4 c4 15. fxe5 dxe5 16. Qf3 Ng4 17. Rf1 Qb6+ 18. Kh1 Qf6 19. Nf5 Bxf5 20. Qg3 Rad8 21. Ba3 Rfe8 22. Rxf5 Qg6 23. Rbf1 cxb3 24. axb3 Rd2 25. Bc5 Nf6 26. Qf3 a5 27. h4 h5 28. Rg5 1-0

[Event "Portoroz op"]
[Site "Portoroz"]
[Date "2004.04.25"]
[Round "3"]
[White "Biti, Ozren"]
[Black "Stubljar, Andrej"]
[Result "1-0"]
[WhiteElo "2374"]
[BlackElo "2086"]
[PlyCount "55"]
[EventDate "2004.04.??"]
[EventType "swiss"]
[EventRounds "9"]
[EventCountry "SLO"]
[SourceTitle "CBM 100 Extra"]
[Source "ChessBase"]
[SourceDate "2004.07.06"]
[SourceVersion "2"]
[SourceVersionDate "2004.07.06"]
[SourceQuality "1"]

1. e4 d6 2. d4 Nf6 3. Nc3 c6 4. f4 Qa5 5. Bd3 e5 6. Nf3 Bg4 7. Be3 Nbd7 8. 0-0 Be7 9. h3 Bxf3 10. Qxf3 Bd8 11. Kh1 Bb6 12. Ne2 c5 13. fxe5 dxe5 14. d5 h5 15. a3 0-0-0 16. b4 cxb4 17. Bd2 Bd4 18. axb4 Qc7 19. c3 Bb6 20. c4 Bd4 21. Nxd4 exd4 22. Rxa7 Ne5 23. Qf5+ Kb8 24. Rfa1 Qe7 25. Bf4 Nfd7 26. c5 Qf6 27. d6 b6 28. Ra8+ 1-0

[Event "Nova Gorica op-A 09th"]
[Site "Nova Gorica"]
[Date "2004.02.05"]
[Round "9"]
[White "Laco, Giuseppe"]
[Black "Stubljar, Andrej"]
[Result "0-1"]
[WhiteElo "2133"]
[BlackElo "2077"]
[PlyCount "144"]
[EventDate "2004.01.30"]
[EventType "swiss"]
[EventRounds "9"]
[EventCountry "SLO"]
[SourceTitle "CBM 098 Extra"]
[Source "ChessBase"]
[SourceDate "2004.03.10"]
[SourceVersion "2"]
[SourceVersionDate "2004.03.10"]
[SourceQuality "1"]

1. c4 Nf6 2. b4 d6 3. Bb2 e5 4. g3 Be6 5. Bg2 Nbd7 6. d3 d5 7. Qb3 c6 8. Nd2 a5 9. bxa5 Qxa5 10. Bc3 Qa7 11. Qc2 Bc5 12. e3 Ng4 13. h3 Bxe3 14. hxg4 Bxf2+ 15. Kf1 Bxg3 16. Nh3 Bxg4 17. Nb3 Nc5 18. Nxc5 Qxc5 19. Be1 Bxe1 20. Rxe1 dxc4 21. Nf2 f5 22. Qc3 Ra3 23. Rxe5+ Kd8 24. Rxc5 Rxc3 25. Rxc4 Rxc4 26. dxc4 h5 27. Nxg4 fxg4 28. Kf2 h4 29. Be4 Rf8+ 30. Kg2 Rf4 31. Re1 g5 32. c5 Kc7 33. Re2 Kb8 34. Bg6 Rd4 35. Bf7 Rd1 36. Bb3 Rb1 37. Bc2 Rc1 38. Bf5 Rxc5 39. Bxg4 Ka7 40. Rf2 Ra5 41. Be6 Re5 42. Bf5 b5 43. Rf3 c5 44. a3 Kb6 45. Kh3 Re1 46. Kg4 Rg1+ 47. Kh5 Ka5 48. Bg4 Rg3 49. Rf5 h3 50. Rf1 h2 51. Rh1 Rg2 52. Kxg5 Ka4 53. Kf4 Kxa3 54. Bf3 Rb2 55. Ra1+ Ra2 56. Rb1 Rb2 57. Re1 c4 58. Kg3 Kb3 59. Bg2 c3 60. Bd5+ Kb4 61. Be4 Rd2 62. Kf3 Kb3 63. Ke3 b4 64. Ra1 Kc4 65. Ra8 b3 66. Rc8+ Kb4 67. Rb8+ Ka3 68. Ra8+ Kb2 69. Rc8 Rd1 70. Rh8 Re1+ 71. Kd3 c2 72. Rxh2 Ka1 0-1

[Event "Nova Gorica op-A 09th"]
[Site "Nova Gorica"]
[Date "2004.02.03"]
[Round "7"]
[White "Stubljar, Andrej"]
[Black "Padjen, Zdenko"]
[Result "1-0"]
[WhiteElo "2077"]
[BlackElo "2122"]
[PlyCount "61"]
[EventDate "2004.01.30"]
[EventType "swiss"]
[EventRounds "9"]
[EventCountry "SLO"]
[SourceTitle "CBM 098 Extra"]
[Source "ChessBase"]
[SourceDate "2004.03.10"]
[SourceVersion "2"]
[SourceVersionDate "2004.03.10"]
[SourceQuality "1"]

1. d4 f5 2. Bg5 h6 3. Bh4 g5 4. Bg3 Nf6 5. h4 g4 6. e3 Bg7 7. Bd3 d6 8. Ne2 0-0 9. Nf4 Qe8 10. h5 Kh7 11. d5 e5 12. dxe6 Bxe6 13. c3 Bd7 14. Nd2 Ne4 15. Nxe4 fxe4 16. Be2 Nc6 17. Ng6 Rf5 18. Bxg4 Rg5 19. Bxd7 Qxd7 20. Qc2 Qf5 21. Nh4 Qe6 22. Nf3 Rf5 23. Nd2 Re8 24. Qb3 Qd7 25. Bf4 Rc5 26. 0-0-0 b5 27. Nxe4 Rxe4 28. Qc2 d5 29. Qxe4+ Kh8 30. Kb1 b4 31. cxb4 1-0

[Event "Nova Gorica op-A 09th"]
[Site "Nova Gorica"]
[Date "2004.02.02"]
[Round "6"]
[White "Srebrnic, Marko"]
[Black "Stubljar, Andrej"]
[Result "1-0"]
[WhiteElo "2225"]
[BlackElo "2077"]
[PlyCount "39"]
[EventDate "2004.01.30"]
[EventType "swiss"]
[EventRounds "9"]
[EventCountry "SLO"]
[SourceTitle "CBM 098 Extra"]
[Source "ChessBase"]
[SourceDate "2004.03.10"]
[SourceVersion "2"]
[SourceVersionDate "2004.03.10"]
[SourceQuality "1"]

1. e4 d6 2. d4 Nf6 3. Nc3 c6 4. f4 Qa5 5. Bd3 e5 6. dxe5 dxe5 7. Nf3 Nbd7 8. 0-0 Bc5+ 9. Kh1 Ng4 10. Qe2 b5 11. Nd2 Ndf6 12. Nb3 Qb6 13. a4 a5 14. axb5 Bg1 15. Nxa5 Qd8 16. Kxg1 Nxh2 17. Kxh2 Ng4+ 18. Kg1 Qh4 19. g3 Qxg3+ 20. Qg2 1-0